| 000 | 00537nam a22001457a 4500 | ||
|---|---|---|---|
| 999 |
_c182008 _d182008 |
||
| 010 | _aEN230921 | ||
| 020 |
_a9788178246390 _c1095.00 |
||
| 037 | _bPermanent Black | ||
| 100 | _aMuzaffar Alam | ||
| 245 |
_aThe Mughals and the sufis : _bIslam and political imagination in india 1500-1750 / _cby Muzaffar Alam |
||
| 260 |
_aRanikhet _bPermanent Black _c2021 |
||
| 270 |
_a'Himalaya', Mall Road, Ranikhet Cantt, Ranikhet, _bRanikhet _cUttaranchal _e263645 _mperblack@gmail.com |
||
| 300 |
_axiii, 454p. _c22cm.(Hb) |
||
| 942 |
_adpl _cEN _2ddc _mMUZ |
||